| 000 | 01112nam a22002537a 4500 | ||
|---|---|---|---|
| 005 | 20081013100321.0 | ||
| 008 | 081013t xxu||||| |||| 00| e hin d | ||
| 010 | _aHIN-84371 | ||
| 020 | _c450.00 | ||
| 035 | _aHN-56717 | ||
| 037 | _bDBAD / PUB | ||
| 040 |
_aDPL _bHN |
||
| 082 | _a824 | ||
| 100 | _aबिक्रम सिंह, के. | ||
| 245 |
_aऔर भी ग़म हैं / _cके. बिक्रम सिंह |
||
| 246 |
_aAura bhi Gama hain _bby K. Bikram Singh |
||
| 260 |
_aनई दिल्ली _bवाणी प्रकाशन _c2008 |
||
| 270 |
_a21-ए, दरियागंज _bनई दिल्ली _e110002 _k011 23273167 _l011 23275710 _mvaniprakashan@gmail.com |
||
| 300 |
_a312पृ _c22सेमी (सजिल्द) _bसचित्र |
||
| 650 | _aहिन्दी निबंध | ||
| 650 | _aHindi essays | ||
| 942 |
_2ddc _cHN _mबिक्रम _h824 |
||
| 999 |
_c16632 _d16632 |
||